=LDR 00000nam 2200000 4500 =001 INLIS000000000041294 =005 20130612150833 =008 ***********************************ind** =035 ##$$a0010-061300000041294 =041 ##$$a ind =082 ##$$a 610.7 =090 ##$$a 610.7, Har r =100 ##$$a Harr, Robert R =245 ##$$a Resensi ilmu laboratorium klinis (Climcal laboratory science review, Robert R. Harr; alih bahasa, Dr. Huriawati hartanto =260 ##$$a 2002 $b Jakarta =300 ##$$a xi, 351 hlm, 29 cm =650 ##$$a Kedokteran Studi dan Pengajaran =700 ##$$a Huriawati Hartanto =850 ##$$a NNT-CD =990 ##$$a 0001/BPAP-NTB/20142014 =990 ##$$a 0001/BPAP-NTB/20142014 =990 ##$$a 1288112881 =990 ##$$a 0001/BPAP-NTB/20142014 =990 ##$$a 0001/BPAP-NTB/20142014 =990 ##$$a 01201712881